000 00342nam a2200133Ia 4500
008 231129s9999||||xx |||||||||||||| ||spa||
020 _a84-7634-673-5
040 _bspa
082 _a808.3876 L433p
100 _aLe Guin Ursula K.
245 0 _aPlaneta de exilio
264 _aOrbis
942 _2ddc
_cBKS
999 _c22828
_d22828